| 000 | 007690000a22002170004500 | ||
|---|---|---|---|
| 003 | LK-CoMWRAF | ||
| 005 | 20240120102306.0 | ||
| 008 | 230817t1993 ||||| |||| 00| 0 eng d | ||
| 040 |
_aLK-CoMWRAF _dLK-CoMWRAF _eLK-CoMWRAF |
||
| 041 | _aeng | ||
| 082 |
_a342.0878 _bFRE |
||
| 100 | _aFreeman, Marsha A. | ||
| 245 |
_aHuman rights in the family: issues and recommendations for implementation- _bArticles 9,15, and 16 of the convention on the elimination of all forms of discrimination against women |
||
| 260 |
_aMinnesota: _bInternational women's rights action watch, _c1993 |
||
| 300 | _a25 p.; 28 cm | ||
| 650 | _aHUMAN RIGHTS | ||
| 650 | _aDiscrimination against women- Laws | ||
| 650 | _aDomestic relations | ||
| 650 | _aWomen- Legal status, laws | ||
| 942 | _cBK | ||
| 999 |
_c68 _d68 |
||